| 000 | 00783cam a22002651 4500 | ||
|---|---|---|---|
| 001 | 76609 | ||
| 003 | BD-RjUL | ||
| 005 | 20211209082850.0 | ||
| 008 | 191226r1966 nyu 000 1 eng | ||
| 035 | _a(BD-RjUL)76833 | ||
| 040 |
_aDLC _cDLC _dDLC _beng |
||
| 041 | _aeng | ||
| 082 |
_219 _a813.5 _bHOM 1966 |
||
| 100 | 1 |
_aHolt, Victoria, _d1906-1993. _9236878 |
|
| 245 | 1 | 0 |
_aMenfreya in the morning / _c[by] Victoria Holt. |
| 250 | _a[1st ed.] | ||
| 260 |
_aNew York .: _bDoubleday, _c1966. |
||
| 300 |
_a256 p.; _c22 cm. |
||
| 500 | _aLondon ed. [Collins] has title: Menfreya. | ||
| 651 | 0 |
_aCornwall (England : County) _vFiction. _9236879 |
|
| 906 |
_a7 _bcbc _corignew _du _eocip _f19 _gy-gencatlg |
||
| 942 |
_2ddc _cBK |
||
| 999 |
_c76609 _d76609 |
||